APPLIED PHYSICAL PHARMACY (Record no. 33074)

MARC details
000 -LEADER
fixed length control field 00346nam a22001577a 4500
003 - CONTROL NUMBER IDENTIFIER
control field SGT
020 ## - INTERNATIONAL STANDARD BOOK NUMBER
International Standard Book Number 978-0-8247-9776-8
082 ## - DEWEY DECIMAL CLASSIFICATION NUMBER
Classification number 615
Item number MOB
100 ## - MAIN ENTRY--PERSONAL NAME
Personal name MOBLEY.W.CARY
245 ## - TITLE STATEMENT
Title APPLIED PHYSICAL PHARMACY
250 ## - EDITION STATEMENT
Edition statement 3RD
260 ## - PUBLICATION, DISTRIBUTION, ETC. (IMPRINT)
Place of publication, distribution, etc INDIA
Name of publisher, distributor, etc MC GRAW HILL
Year of Publication 2023
300 ## - PAGE DESCRIPTION
No. of Pages 271
650 ## - SUBJECT ADDED ENTRY--TOPICAL TERM
Topical term or geographic name as entry element PHYSICAL PHARMACY
942 ## - ADDED ENTRY ELEMENTS (KOHA)
Source of classification or shelving scheme Dewey Decimal Classification
Koha item type Books
Holdings
Withdrawn status Lost status Source of classification or shelving scheme Damaged status Not for loan Collection code Home library Current library Shelving location Date acquired Vendor Name SGTU Bill Number Total Checkouts Full call number Accession No. (Barcode) Date last seen Bill Date Koha item type
    Dewey Decimal Classification   Not For Loan SCIENCE SGT Science & Social Sciences Library SGT Science & Social Sciences Library Reference Book 31/10/2025 ABC SGTU 21721   615 MOB DP1547 31/10/2025 17/09/2025 Books
    Dewey Decimal Classification   Not For Loan SCIENCE SGT Science & Social Sciences Library SGT Science & Social Sciences Library Reference Book 31/10/2025 ABC SGTU 21721   615 MOB DP1548 31/10/2025 17/09/2025 Books
    Dewey Decimal Classification   Not For Loan SCIENCE SGT Science & Social Sciences Library SGT Science & Social Sciences Library Reference Book 31/10/2025 ABC SGTU 21721   615 MOB DP1549 31/10/2025 17/09/2025 Books
    Dewey Decimal Classification   Not For Loan   SGT Science & Social Sciences Library SGT Science & Social Sciences Library   01/11/2025 abc SGTU     615 MOB DP1550 01/11/2025 01/11/2025 Books